チェス: 食われないようにしよう #5 - Sudden Death - Statistics

General Stats
  • This quiz has been taken 105 times
  • The average score is 10 of 26
Answers on the Grid
Answers color-coded by a green-red scale on the quiz's grid according to % correct below.
a8
b8
g8
h8
a7
b7
c7
d7
e7
f7
g7
h7
a6
c6
d6
e6
f6
h6
a5
b5
c5
d5
e5
f5
g5
h5
a4
b4
c4
f4
g4
h4
a3
b3
c3
f3
g3
h3
a2
b2
c2
d2
e2
f2
g2
h2
a1
b1
c1
d1
e1
f1
g1
h1
 
Answer Stats
Answer % Correct
e2
57%
d2
54%
e1
52%
d1
50%
g8
46%
b8
46%
f1
41%
g1
41%
c1
39%
f2
39%
f4
39%
g5
39%
b1
37%
c2
37%
c7
37%
c4
35%
b5
33%
f7
33%
h2
33%
h7
30%
h4
30%
a2
28%
b3
28%
g3
28%
a4
24%
a7
24%
No matching quizzes found
Score Distribution
Percent of People with Each Score
Percentile by Number Answered
Your Score History
You have not taken this quiz